[Event "Timisoara (Women)"]
[Site "Timisoara"]
[Date "1994.??.??"]
[Round "7"]
[White "Agababian, Naira"]
[Black "Safranska, Anda"]
[Result "0-1"]
[WhiteElo "2205"]
[BlackElo "2305"]

1.d4 Nf6 2.Bg5 Ne4 3.Bf4 c5 4.f3 Nf6 5.d5 d6 6.e4 e5 7.Be3 Be7 8.Bb5+ Nbd7
9.a4 O-O 10.Ne2 Nh5 11.Qd2 h6 12.g4 Bh4+ 13.Kd1 Nf4 14.Ng3 g6 15.Na3 Qf6
16.Rf1 Rd8 17.a5 Rb8 18.Nc4 Bg5 19.c3 Kg7 20.Kc2 Nh3 21.Qe2 Nf8 22.Bxg5 hxg5
23.Ne3 Nf4 24.Qc4 Nd7 25.Rh1 a6 26.Bxd7 Bxd7 27.Qb3 Rh8 28.Qb6 Bb5 29.c4 Bd7
30.Raf1 Rbd8 31.Kc3 Rh3 32.Rf2 Rdh8 33.Qxb7 Bc8 34.Qc7 Rxg3 35.hxg3 Rxh1
36.gxf4 exf4+ 37.Kb3 fxe3 38.Rc2 e2 39.Rxe2 Qxf3+ 40.Ka2 Qxe2  0-1

[Event "USA-ch (Women)"]
[Site "?"]
[Date "1994.??.??"]
[Round "6"]
[White "Belakovskaia, Anjelina"]
[Black "Sagalchik, Olga"]
[Result "1-0"]
[WhiteElo "2315"]
[BlackElo "2155"]

1.d4 Nf6 2.Bg5 Ne4 3.Bf4 d6 4.f3 Nf6 5.e4 Nbd7 6.Nc3 e5 7.Be3 c6 8.a4 Be7
9.Nge2 Nh5 10.Qd2 h6 11.d5 c5 12.Bf2 a6 13.h4 g6 14.g3 Ng7 15.Be3 h5 16.Bh6 Bf8
17.Bg5 Be7 18.Bh6 Bf8 19.Bg5 Be7 20.a5 Rb8 21.Nc1 Bxg5 22.Qxg5 Qxg5 23.hxg5 f6
24.gxf6 Nxf6 25.Bh3 g5 26.Bxc8 Rxc8 27.N1e2 Kd7 28.Rb1 g4 29.fxg4 hxg4 30.Rxh8 Rxh8
31.Kf2 Kc7 32.Kg2 Nge8 33.Rf1 Rh7 34.Nc1 Nd7 35.Nd3 Nef6 36.Nf2 c4 37.b3 cxb3
38.cxb3 Nc5 39.Rb1 Ncd7 40.b4 b6 41.b5 Kb7 42.bxa6+ Kxa6 43.axb6 Nxb6 44.Ra1+ Kb7
45.Nb5 Nc8 46.Rc1 Rg7 47.Rc6 Rd7 48.Kf1 Nh5 49.Kg2 Nf6 50.Kg1 Nh5 51.Kh2 Nf6
52.Kg2 Rd8 53.Rc4 Nb6 54.Rc7+ Ka6 55.Na3 Ka5 56.Rf7 Nbd7 57.Nc4+ Kb4 58.Nxd6 Kc3
59.Nf5 Kc4 60.Re7 Rg8 61.Re6 Ra8 62.Rc6+ Kb5 63.Nd6+ Kb4 64.Rc2 Kb3 65.Re2 Ra4
66.Nd1 Rd4 67.Rb2+ Ka4 68.Nc3+ Ka5 69.Ne2 Ra4 70.Nc3 Rd4 71.Ne2 Ra4 72.Nc3 Rd4
73.Ne2 Rb4 74.Ra2+ Kb6 75.Nc3 Kc5 76.Nf5 Nxe4 77.Nxe4+ Rxe4 78.d6 Rb4 79.Rd2 Rb3
80.Ng7  1-0

[Event "Val Thorens Principal"]
[Site "Val Thorens"]
[Date "1994.??.??"]
[Round "4"]
[White "Ungureanu, Emil"]
[Black "Benlolo, Alain"]
[Result "1-0"]
[WhiteElo "2320"]
[BlackElo "2110"]

1.d4 Nf6 2.Bg5 Ne4 3.Bh4 c5 4.f3 g5 5.fxe4 gxh4 6.e3 Qb6 7.Nc3 e6 8.a3 Bh6
9.Kf2 Nc6 10.Na4 Bxe3+ 11.Kxe3 cxd4+ 12.Kf2 Qc7 13.Nf3 Qf4 14.Qd2 Qxe4 15.c3 dxc3
16.Nxc3 Qg4 17.Qd6 a6 18.Nd5 Qg7 19.Nc7+ Kd8 20.Nxa8 Qxb2+ 21.Be2  1-0

[Event "Balkaniad"]
[Site "Varna"]
[Date "1994.??.??"]
[Round "1"]
[White "Ivanisevic, Ivan"]
[Black "Halkias, Stelios"]
[Result "1-0"]
[WhiteElo "2290"]
[BlackElo "2120"]

1.d4 Nf6 2.Bg5 Ne4 3.h4 d5 4.Nd2 Bf5 5.e3 Qd7 6.Nxe4 Bxe4 7.f3 h6 8.fxe4 hxg5
9.Nf3 dxe4 10.Nxg5 Qd5 11.c4 Qf5 12.g4 Qd7 13.Qb3 Nc6 14.c5 e6 15.O-O-O O-O-O
16.Bb5 Re8 17.Bxc6 Qxc6 18.Nxf7 Rg8 19.Kb1 Be7 20.g5 Rgf8 21.Rdf1 Bf6 22.g6 Kd7
23.h5 Ke7 24.Rf4 Qd5 25.Qc2 Rh8 26.Nxh8 Rxh8 27.Qxe4 Rxh5 28.Qxd5 Rxd5 29.Rg1 c6
30.b4 Rh5 31.Rd1 Rg5 32.e4 e5 33.dxe5 Rxe5 34.Rg1 Ke6 35.a3 Ke7 36.Re1 Ke6
37.Rf3 Rg5 38.e5 Be7 39.Rh3 Rxg6 40.Rh8 Rg3 41.Rb8 Rxa3 42.Rxb7 Ra4 43.Rg1 a5
44.Rg6+ Kf7 45.Rxc6 Rxb4+ 46.Rxb4 axb4 47.Rc8 g5 48.c6 g4 49.c7 g3 50.Rg8 Kxg8
51.c8=Q+ Kf7 52.Qg4  1-0

[Event "Balkaniad"]
[Site "Varna"]
[Date "1994.??.??"]
[Round "2"]
[White "Dumitrescu, Dragos"]
[Black "Vouldis, Angelos"]
[Result "0-1"]
[WhiteElo "2370"]
[BlackElo "2295"]

1.d4 Nf6 2.Bg5 Ne4 3.Bh4 c5 4.f3 g5 5.fxe4 gxh4 6.e3 Bh6 7.Kf2 e6 8.Nc3 Nc6
9.Nf3 cxd4 10.exd4 d6 11.Bc4 O-O 12.Re1 Bg7 13.Ne2 e5 14.c3 Kh8 15.Kg1 f5
16.Qd3 h3 17.g3 fxe4 18.Qxe4 Bf5 19.Qe3 d5 20.Bb3 Be4 21.Ng5 exd4 22.cxd4 Nxd4
23.Nxd4 Qxg5 24.Qxg5 Bxd4+ 25.Qe3 Bxe3+ 26.Rxe3 Bg2 27.Rd1 Rad8 28.Red3 Rf5
29.Rd4 Rdf8 30.Rf4 Kg7 31.Rdd4 Be4 32.Bc4 Rxf4 33.gxf4 Rxf4 34.Bxd5 Rg4+
35.Kf2 Rg2+  0-1

[Event "Balkaniad"]
[Site "Varna"]
[Date "1994.??.??"]
[Round "4"]
[White "Kosic, Dragan"]
[Black "Erdogan, Hakan"]
[Result "1-0"]
[WhiteElo "2515"]
[BlackElo "2285"]

1.d4 Nf6 2.Bg5 Ne4 3.h4 c5 4.dxc5 Na6 5.Qd4 Qa5+ 6.c3 Nxg5 7.hxg5 Qxc5 8.Nf3 d6
9.e3 Bd7 10.Nbd2 Qxd4 11.Nxd4 g6 12.N2b3 Nc7 13.a4 Bg7 14.Nb5 Ne6 15.f4 O-O
16.Be2 Bc6 17.Bf3 f6 18.gxf6 Bxf6 19.Ke2 Bxf3+ 20.gxf3 Ng7 21.Nc7 Rac8 22.Nd5 e5
23.Nd2 exf4 24.Ne4 Bd8 25.Nxf4 Nf5 26.Nd5 Kg7 27.Rh3 Re8 28.Rah1 h6 29.Kd3 Bb6
30.c4 Re6 31.b4 Rf8 32.a5 Bd8 33.Nf4 Re5 34.Rg1 g5 35.Nh5+ Kg6 36.f4 Ree8
37.fxg5 Bxg5 38.Nf4+ Kf7 39.Nxg5+ hxg5 40.Rxg5 Ke7 41.Rhh5  1-0

[Event "Balkaniad"]
[Site "Varna"]
[Date "1994.??.??"]
[Round "4"]
[White "Miladinovic, Igor"]
[Black "Han, Hakan"]
[Result "1-0"]
[WhiteElo "2480"]
[BlackElo "2300"]

1.d4 Nf6 2.Bg5 Ne4 3.h4 d5 4.Nd2 Nxg5 5.hxg5 g6 6.e3 Bg7 7.f4 h6 8.gxh6 Rxh6
9.Rxh6 Bxh6 10.Ngf3 c5 11.dxc5 Qa5 12.Kf2 Qxc5 13.Nb3 Qd6 14.Qd4 Nc6 15.Bb5 Bd7
16.Bxc6 Qxc6 17.Rh1 Qxc2+ 18.Kg3 Bf8 19.Rh8 O-O-O 20.Qxa7 Qc7 21.Ne5 g5 22.Qa8+  1-0

[Event "Balkaniad"]
[Site "Varna"]
[Date "1994.??.??"]
[Round "4"]
[White "Arduman, Can"]
[Black "Drasko, Milan"]
[Result "1/2-1/2"]
[WhiteElo "2365"]
[BlackElo "2545"]

1.d4 Nf6 2.Bg5 Ne4 3.Bf4 c5 4.f3 Qa5+ 5.c3 Nf6 6.d5 e6 7.e4 Qb6 8.b3 exd5
9.exd5 Bd6 10.Nh3 O-O 11.Qd2 Re8+ 12.Be2 Bf8 13.c4 d6 14.Nf2 Nbd7 15.Nc3 Ne5
16.O-O Bd7 17.Nd3 Ng6 18.Bg5 Be7 19.Be3 Qd8 20.Nf2 h6 21.g3 Nh7 22.Rae1 f5
23.f4 Bf6 24.Bd3 a6 25.Qc2 Nhf8 26.Bd2 Rxe1 27.Rxe1 Ne7 28.Ne2 b5 29.Bc3 Nh7
30.Bxf6 Nxf6 31.Nc3 b4 32.Ncd1 Kf7 33.Nb2  1/2-1/2

[Event "Wattens op"]
[Site "Wattens"]
[Date "1994.??.??"]
[Round "9"]
[White "Wagner, Benedikt"]
[Black "Kranebitter, Gerhard"]
[Result "1-0"]
[WhiteElo "1855"]
[BlackElo "1800"]

1.d4 Nf6 2.Bg5 Ne4 3.Bh4 g5 4.f3 c5 5.fxe4 gxh4 6.e3 Bg7 7.Bc4 Nc6 8.Nf3 e6
9.Nc3 Na5 10.Bd3 cxd4 11.exd4 d6 12.O-O Bd7 13.e5 Qb6 14.Ng5 Qxd4+ 15.Kh1 O-O-O
16.Nxf7 Bxe5 17.Nxh8 Rxh8 18.Bb5 Nc6 19.Qxd4 Bxd4 20.Rad1 Be5 21.Ne4 Kc7
22.Nf6 Bc8 23.c3 a6 24.Bd3 h6 25.Ng4 b5 26.Be4 d5 27.Nxe5 Nxe5 28.Bb1 Rg8
29.Rf4 Ng4 30.Re1 h5 31.h3 Nh6 32.Re5 Rg3 33.Rf3 Rg7 34.Rxh5 Nf7 35.Rxh4 Ne5
36.Rf2 Kd6 37.Rhf4 Bd7 38.g4 Bc6 39.Kh2 Nc4 40.Bd3 Ne5 41.Be2 Be8 42.h4 Bg6
43.Rf8 Be4 44.Kh3 a5 45.Rb8 b4 46.Rb6+ Nc6 47.Bb5 d4 48.cxd4 Kc7 49.Rxc6+ Bxc6
50.Rc2 Kd6 51.Bxc6 Rf7 52.Kg3 Rf1 53.Bg2 Rd1 54.Rc6+ Ke7 55.Rc5 Rxd4 56.Rxa5 Rd2
57.Ra7+ Kd6 58.h5 Rxb2 59.h6 Rc2 60.h7 Rc8 61.Rg7 Rh8 62.Be4 Ke5 63.Bc2 Ra8
64.Rg8 Rxa2 65.Rc8 Ra3+ 66.Kg2 Kf4 67.Rf8+ Kxg4 68.h8=Q Rg3+ 69.Kf2 b3 70.Qg7+ Kh3
71.Rh8+  1-0

[Event "ARM-ch"]
[Site "Yerevan"]
[Date "1994.??.??"]
[Round "?"]
[White "Nalbandian, Tigran"]
[Black "Mirumian, Vigen"]
[Result "1-0"]
[WhiteElo "2485"]
[BlackElo "2290"]

1.d4 Nf6 2.Bg5 Ne4 3.Bf4 c5 4.f3 Qa5+ 5.c3 Nf6 6.d5 Qb6 7.b3 g6 8.e4 Bg7
9.Bc4 Qa5 10.Ne2 b5 11.Bd3 e6 12.dxe6 dxe6 13.a4 c4 14.b4 Qb6 15.Bc2 O-O
16.Qd6 Ne8 17.Qd2 Nc7 18.Qd6 Nba6 19.Na3 Qxd6 20.Bxd6 Rd8 21.O-O-O bxa4 22.Bxc7 Rxd1+
23.Rxd1 Nxc7 24.Rd8+ Bf8 25.Bxa4 Kg7 26.Nb5 Be7 27.Nxc7 Bxd8 28.Nxa8 Bb7
29.Bb5 Bxa8 30.Bxc4 f5 31.Nd4 Bg5+ 32.Kd1 fxe4 33.Nxe6+ Kh6 34.Nxg5 Kxg5
35.fxe4 Bxe4 36.Bf1 Kf4 37.Ke2 h5 38.g3+ Kg4 39.Kf2 Bb7  1-0

[Event "Zuerich op"]
[Site "Zuerich"]
[Date "1994.??.??"]
[Round "?"]
[White "Maeser, Fabian"]
[Black "Nemet, Ivan"]
[Result "1/2-1/2"]
[WhiteElo "2295"]
[BlackElo "2425"]

1.d4 Nf6 2.Bg5 Ne4 3.Bf4 d5 4.Nd2 Bf5 5.e3 e6 6.Nxe4 Bxe4 7.Nf3 Bd6 8.Bg3 Nc6
9.c3 O-O 10.Be2 Ne7 11.O-O Bxg3 12.hxg3 Bxf3 13.Bxf3 f5 14.c4 c6 15.Qc2 Ng6
16.Rfc1 Qg5 17.Qe2 Kh8 18.b4 dxc4 19.Rxc4 e5 20.dxe5 Nxe5 21.Rd4 Qe7 22.Rad1 a5
23.a3 axb4 24.axb4 h6 25.Qc2 Qf7 26.Qc5 Rae8 27.Be2  1/2-1/2

[Event "Aalborg op"]
[Site "Aalborg"]
[Date "1995.??.??"]
[Round "1"]
[White "From, Sigfred"]
[Black "Gagarin, Vasilij"]
[Result "0-1"]
[WhiteElo "2250"]
[BlackElo "2420"]

1.d4 Nf6 2.Bg5 Ne4 3.Bf4 c5 4.f3 Qa5+ 5.c3 Nf6 6.d5 Qb6 7.b3 e6 8.e4 exd5
9.exd5 d6 10.Na3 Be7 11.Bb5+ Nbd7 12.Ne2 O-O 13.Bxd7 Bxd7 14.Nc4 Qc7 15.a4 b6
16.O-O Nh5 17.Qd2 Nxf4 18.Qxf4 f5 19.Rfe1 Rae8 20.h4 Bc8 21.g3 Qd8 22.Kg2 Bb7
23.Qd2 g5 24.hxg5 Bxg5 25.Nf4 Ba6 26.Nb2 Qf6 27.Rac1 Kh8 28.Rxe8 Rxe8 29.Re1 Rg8
30.Nd1 Bh4 31.Re6 Qg5 32.Qe3 Qxg3+ 33.Kh1 Bg5  0-1

[Event "Aalborg op"]
[Site "Aalborg"]
[Date "1995.??.??"]
[Round "3"]
[White "From, Sigfred"]
[Black "Lehikoinen, Pertti Ilari"]
[Result "0-1"]
[WhiteElo "2250"]
[BlackElo "2250"]

1.d4 Nf6 2.Bg5 Ne4 3.Bf4 d5 4.f3 Nf6 5.Nc3 Bf5 6.g4 Bg6 7.h4 h6 8.h5 Bh7
9.e3 e6 10.Bd3 Bd6 11.Nge2 a6 12.Bxh7 Nxh7 13.Bxd6 Qxd6 14.f4 Nd7 15.Nc1 O-O-O
16.Nd3 f6 17.Qf3 c6 18.O-O-O e5 19.Qg2 e4 20.Nf2 Nb6 21.Qf1 Nc4 22.Re1 Nxb2
23.Ncxe4 Qa3 24.Nd2 Na4+  0-1

[Event "Agios Nikolaos op"]
[Site "Agios Nikolaos"]
[Date "1995.??.??"]
[Round "2"]
[White "Miladinovic, Igor"]
[Black "Vratonjic, Slobodan"]
[Result "1-0"]
[WhiteElo "2535"]
[BlackElo "2430"]

1.d4 Nf6 2.Bg5 Ne4 3.h4 h6 4.Bf4 d5 5.Nd2 Bf5 6.Nxe4 Bxe4 7.f3 Bh7 8.c3 c6
9.e3 Qb6 10.Qd2 e6 11.Nh3 Nd7 12.Nf2 Be7 13.g4 O-O-O 14.Bg3 Rhe8 15.Nd3 Bxd3
16.Bxd3 e5 17.O-O-O Bd6 18.h5 Nf6 19.Bf5+ Kb8 20.Bh4 exd4 21.cxd4 Be7 22.Kb1 Ng8
23.Bf2 Bg5 24.Bg3+ Ka8 25.Qh2 Rxe3 26.Bc7 Qb4 27.Bxd8 Bxd8 28.Qf2 Re7 29.a3 Qd6
30.Rhe1 a5 31.f4 Bc7 32.g5 g6 33.Rxe7 Nxe7 34.Bh3 Qxf4 35.Qxf4 Bxf4 36.gxh6 Bxh6
37.Re1 Nf5 38.Re8+ Ka7 39.Bxf5 gxf5 40.Rh8 Bg7 41.Rh7 Bxd4 42.Rxf7 Kb6 43.h6 Kc5
44.h7 b5 45.Rxf5  1-0

[Event "Donner mem"]
[Site "Amsterdam"]
[Date "1995.??.??"]
[Round "3"]
[White "Salov, Valery"]
[Black "Nunn, John DM"]
[Result "1/2-1/2"]
[WhiteElo "2685"]
[BlackElo "2615"]

1.d4 Nf6 2.Bg5 Ne4 3.Bf4 c5 4.f3 Qa5+ 5.c3 Nf6 6.Nd2 cxd4 7.Nb3 Qf5 8.Bxb8 Rxb8
9.Qxd4 b6 10.e4 Qf4 11.Nh3 Qc7 12.e5 Ng8 13.O-O-O e6 14.f4 f5 15.Be2 Nh6
16.Rhg1 Be7 17.g4 fxg4 18.Bxg4 O-O 19.Qd3 Kh8 20.Bf3 Nf5 21.Be4 b5 22.Bxf5 exf5
23.Nd4 d6 24.Qg3 g6 25.Ng5 Bxg5 26.exd6 Qxd6 27.Qxg5 b4 28.Nf3 Qc5 29.Ne5 Rb6
30.c4 b3 31.axb3 Qe3+ 32.Rd2 Ra6 33.Rg3 Qe1+ 34.Kc2 Bb7 35.Qe7 Be4+ 36.Rgd3 Kg8
37.Kc3 Bxd3 38.Kxd3 Rb6 39.Kc2 Qe4+ 40.Rd3 Qe2+ 41.Rd2 Qe4+ 42.Rd3 Qe2+  1/2-1/2

[Event "Ankara zt"]
[Site "Ankara"]
[Date "1995.??.??"]
[Round "5"]
[White "Arduman, Can"]
[Black "Tzermiadianos, Andreas"]
[Result "1-0"]
[WhiteElo "2380"]
[BlackElo "2440"]

1.d4 Nf6 2.Bg5 Ne4 3.Bf4 c5 4.f3 Qa5+ 5.c3 Nf6 6.Nd2 cxd4 7.Nb3 Qb6 8.cxd4 d5
9.e3 Nc6 10.Ne2 g6 11.Nc3 a6 12.Qd2 Bg7 13.g4 O-O 14.Be2 Na5 15.Na4 Nxb3
16.Nxb6 Nxd2 17.Kxd2 Bd7 18.g5  1-0

[Event "Ankara zt"]
[Site "Ankara"]
[Date "1995.??.??"]
[Round "5"]
[White "Bayram, Yakup"]
[Black "Gurcan, Selim"]
[Result "1-0"]
[WhiteElo "2260"]
[BlackElo "2295"]

1.d4 Nf6 2.Bg5 Ne4 3.h4 c5 4.Nc3 Nxg5 5.hxg5 cxd4 6.Qxd4 Nc6 7.Qd2 g6 8.e4 Bg7
9.Bc4 d6 10.O-O-O Ne5 11.Bb3 Be6 12.Bxe6 fxe6 13.Qe2 O-O 14.g3 Rc8 15.f4 Nc4
16.e5 Qb6 17.b3 Qb4 18.Nb1 Na3 19.Nxa3 Qxa3+ 20.Kb1 Rc5 21.Nf3 Rfc8 22.Rd2 Ra5
23.c4 b5 24.exd6 e5 25.d7 Rd8 26.Nxe5 b4 27.Rd5 Ra6 28.c5 e6 29.Rd2 Qa5 30.Rc1  1-0

[Event "AUT-chT2S 9495"]
[Site "?"]
[Date "1995.??.??"]
[Round "2"]
[White "Guertl, S."]
[Black "Stiffler, Emil"]
[Result "1/2-1/2"]
[WhiteElo "2065"]
[BlackElo "2065"]

1.d4 Nf6 2.Bg5 Ne4 3.Bf4 c5 4.f3 Nf6 5.c3 cxd4 6.Qxd4 Nc6 7.Qd2 d5 8.e3 e5
9.Bg5 Be7 10.Bd3 O-O 11.Ne2 Be6  1/2-1/2

[Event "AUT-chT2S 9495"]
[Site "?"]
[Date "1995.??.??"]
[Round "5"]
[White "Senoner, Erich2"]
[Black "Klocker, Hartmut"]
[Result "1-0"]
[WhiteElo "2090"]
[BlackElo "2185"]

1.d4 Nf6 2.Bg5 Ne4 3.Bf4 c5 4.f3 Qa5+ 5.c3 Nf6 6.d5 e6 7.e4 Qb6 8.Bc1 exd5
9.exd5 Qd6 10.Bc4 b5 11.Bxb5 Nxd5 12.Na3 Qe6+ 13.Ne2 Bb7 14.O-O Ne3 15.Bxe3 Qxe3+
16.Kh1 Qh6 17.Nc4 Nc6 18.Ng3 O-O-O 19.Nf5 Qf6 20.Nfd6+ Bxd6 21.Qxd6 Qg5 22.Rad1 Rhe8
23.Rd5  1-0

[Event "AUT-chT2S 9495"]
[Site "?"]
[Date "1995.??.??"]
[Round "10"]
[White "Insam, Heinz"]
[Black "Klocker, Hartmut"]
[Result "0-1"]
[WhiteElo "2285"]
[BlackElo "2185"]

1.d4 Nf6 2.Bg5 Ne4 3.h4 d5 4.Nd2 Nxg5 5.hxg5 Nc6 6.Ndf3 Bf5 7.Nh4 e6 8.Qd2 Qd6
9.Nxf5 exf5 10.e3 O-O-O 11.Bb5 g6 12.O-O-O Bg7 13.f4 h5 14.Nf3 Ne7 15.Qa5 Kb8
16.Rd3 Qb6 17.Qxb6 axb6 18.Ra3 Nc8 19.Bd3 Nd6 20.Ne5 c6 21.Kb1 b5 22.Be2 Bxe5
23.dxe5 Ne4 24.Bf3 b4 25.Ra4 Nd2+ 26.Kc1 Nxf3 27.gxf3 c5 28.a3 bxa3 29.Rxa3 Kc7
30.Kd2 Ra8 31.Rd3 Kc6 32.c4 Rad8 33.cxd5+ Rxd5 34.Rxd5 Kxd5 35.Kc3 h4 36.Rh3 b5
37.Kd3 c4+ 38.Kc3 Kc5 39.e4 b4+ 40.Kd2 fxe4 41.fxe4 Kd4 42.f5 Kxe5 43.fxg6 fxg6
44.Ke3 Rh5 45.Kf3 b3  0-1

[Event "AUT-chT2S 9495"]
[Site "?"]
[Date "1995.??.??"]
[Round "11"]
[White "Insam, Heinz"]
[Black "Smole, Albert"]
[Result "0-1"]
[WhiteElo "2285"]
[BlackElo "2070"]

1.d4 Nf6 2.Bg5 Ne4 3.Bf4 d5 4.f3 Nf6 5.Nd2 e6 6.e4 c5 7.Bb5+ Nc6 8.dxc5 Bxc5
9.Ne2 Qb6 10.Nc3 O-O 11.Bxc6 bxc6 12.Na4 Qb5 13.Nxc5 Qxc5 14.Nb3 Qe7 15.Bg5 h6
16.Bh4 dxe4 17.O-O Ba6 18.Re1 g5 19.Bf2 Rfd8 20.Qc1 exf3 21.Nc5 Be2 22.h3 Nd5
23.gxf3 Bxf3 24.c4 Nf4 25.Qe3 Nxh3+ 26.Kh2  0-1

[Event "AUT-chT9495"]
[Site "?"]
[Date "1995.??.??"]
[Round "?"]
[White "Petschar, Kurt"]
[Black "Watzka, Horst"]
[Result "1/2-1/2"]
[WhiteElo "2275"]
[BlackElo "2350"]

1.d4 Nf6 2.Bg5 Ne4 3.Bf4 d5 4.f3 Nf6 5.e4 e6 6.Nc3 a6 7.Bg5 Be7 8.e5 Nfd7
9.Bxe7 Qxe7 10.f4 c5 11.Nf3 Nc6 12.Qd2 O-O 13.dxc5 Nxc5 14.O-O-O b5 15.Bd3 b4
16.Ne2 a5 17.Ned4 Nxd4 18.Nxd4 Ba6 19.Kb1 Rfc8 20.Rhe1 b3 21.Nxb3 Bxd3 22.Nxc5 Bxc2+
23.Qxc2 Rxc5 24.Qd2 Rb8  1/2-1/2

[Event "AUT-chT9495"]
[Site "?"]
[Date "1995.??.??"]
[Round "?"]
[White "Turian, Hans"]
[Black "Fischer, Jo"]
[Result "0-1"]
[WhiteElo "2225"]
[BlackElo "2305"]

1.d4 Nf6 2.Bg5 Ne4 3.Bf4 d5 4.f3 Nf6 5.Nc3 c6 6.e4 e6 7.e5 Nh5 8.Be3 g6 9.f4 Ng7
10.Nf3 b6 11.Bf2 Ba6 12.Bxa6 Nxa6 13.Ne2 Nc7 14.O-O c5 15.c3 c4 16.Bh4 Be7
17.Bxe7 Qxe7 18.Kh1 h5 19.Ng5 Nf5 20.Rf3 h4 21.Rh3 Kd7 22.b4 a5 23.a3 Kc6
24.Qb1 axb4 25.axb4 f6 26.Rxa8 Rxa8 27.Nf3 Ra3 28.exf6 Qxf6 29.Ne5+ Kb7 30.g4 hxg3
31.hxg3 g5 32.Qc1 Ra2 33.fxg5 Qf8 34.Nf4 Qa8 35.g4 Ra1 36.Qxa1 Qxa1+ 37.Kh2 Qb2+
38.Ng2 Ng7 39.Rh7 Qxc3 40.g6 Qxd4  0-1

[Event "AUT-chT2S 9596"]
[Site "AUT"]
[Date "1995.??.??"]
[Round "?"]
[White "Insam, Heinz"]
[Black "Schigan, Manfred"]
[Result "1-0"]
[WhiteElo "2275"]
[BlackElo "2310"]

1.d4 Nf6 2.Bg5 Ne4 3.h4 c5 4.dxc5 Qa5+ 5.Nd2 Nxd2 6.Qxd2 Qxc5 7.Rh3 Nc6 8.e4 d6
9.Rb3 Qa5 10.Nf3 Qxd2+ 11.Bxd2 g6 12.Bc3 f6 13.Bc4 Ne5 14.Nxe5 dxe5 15.f4 exf4
16.e5 e6 17.exf6 Rg8 18.Rd1 g5 19.h5 f3 20.gxf3 g4 21.Rxb7  1-0

[Event "AUT-chT2S 9596"]
[Site "AUT"]
[Date "1995.??.??"]
[Round "?"]
[White "Senoner, Erich2"]
[Black "Poeltl, Thomas"]
[Result "1/2-1/2"]
[WhiteElo "2090"]
[BlackElo "2225"]

1.d4 Nf6 2.Bg5 Ne4 3.Bf4 c5 4.f3 Qa5+ 5.c3 Nf6 6.Nd2 cxd4 7.Nb3 Qf5 8.Bxb8 Rxb8
9.Nxd4 Qc5 10.e4 g6 11.Nge2 Bh6 12.h4 b5 13.g4 Bg7 14.h5 gxh5 15.Nf5 Bf8
16.g5 Ng8 17.Rxh5 e6 18.g6 exf5 19.gxf7+ Kd8 20.Rxf5 Qe7 21.fxg8=Q Rxg8 22.Qd4 Rb6
23.O-O-O d6 24.Qd5 Bxf5 25.Qxg8 Be6 26.Qh8 Bxa2 27.Nd4 b4 28.c4 Qf7 29.Qxf8+ Qxf8
30.Ne6+ Ke7 31.Nxf8 Bb3 32.Nxh7 Bxd1 33.Kxd1 Ra6 34.Kc2 Ra5 35.f4 Rh5 36.Ng5 Rh4
37.Nh3 Rg4 38.Kb3 a5 39.Ka4 Rg3 40.Ng5 Rg4 41.Bh3 Rxf4 42.Bf5 Rf2 43.Kb3 Kf6
44.Ne6 Ke5 45.Nd8 Kd4 46.Nc6+ Kc5 47.Nxa5 Rf3+ 48.Ka2 Re3 49.Nb7+ Kc6 50.Nd8+ Kc5
51.Nf7 Re2 52.Nd8 Kxc4 53.Be6+ Kd3 54.Bd5 Kc2 55.Nf7 Kc1 56.Kb3 Rxb2+ 57.Ka4 Kc2
58.Nxd6 b3 59.Nc4 Ra2+ 60.Kb4 Ra7 61.Na3+ Kd3 62.Kxb3 Re7  1/2-1/2

[Event "Bad Ragaz op"]
[Site "Bad Ragaz"]
[Date "1995.??.??"]
[Round "?"]
[White "Allegro, Valery"]
[Black "Staller, Peter"]
[Result "0-1"]
[WhiteElo "2255"]
[BlackElo "2380"]

1.d4 Nf6 2.Bg5 Ne4 3.Bf4 d5 4.f3 Nf6 5.e4 e6 6.e5 Nfd7 7.Be3 c5 8.c3 Qb6
9.Qd2 Nc6 10.f4 Qa5 11.Nf3 c4 12.Be2 b5 13.O-O Nb6 14.Ne1 b4 15.Nc2 h5 16.b3 g6
17.cxb4 Bxb4 18.Nxb4 Qxb4 19.Nc3 cxb3 20.axb3 a5 21.Rfc1 O-O 22.Qd1 Bd7 23.Nb5 Qe7
24.Rc3 f5 25.Bc1 Rf7 26.Nd6 Rg7 27.Bb5 Nb4 28.Ba3 Bxb5 29.Bxb4 axb4 30.Rxa8+ Nxa8
31.Rc8+ Kh7 32.Nxb5 Rg8 33.Qc2 Qh4 34.g3 Rxc8 35.Qxc8 Qg4 36.Qc2 Qf3 37.Qd2 Qxb3
38.Nd6 Nb6 39.Ne8 Nc4 40.Nf6+ Kh6  0-1

[Event "Badenweiler op"]
[Site "Badenweiler"]
[Date "1995.??.??"]
[Round "2"]
[White "Gerstner, Wolfgang"]
[Black "Mueller, Ralf"]
[Result "1-0"]
[WhiteElo "2370"]
[BlackElo "2290"]

1.d4 Nf6 2.Bg5 Ne4 3.Bf4 c5 4.f3 Qa5+ 5.c3 Nf6 6.Nd2 cxd4 7.Nb3 Qb6 8.Qxd4 Qxd4
9.cxd4 d5 10.e3 e6 11.Bd3 Nc6 12.Rc1 Bd7 13.a3 Nh5 14.Bg3 Nxg3 15.hxg3 Bd6
16.f4 h6 17.Nf3 Ke7 18.Nc5 Bxc5 19.Rxc5 Rhc8 20.Ke2 b6 21.Rcc1 f6 22.Ba6 Rc7
23.g4 Bc8 24.Bd3 Bb7 25.g5 hxg5 26.fxg5 Kd6 27.Kd2 Rac8 28.b4 e5 29.Bf5 Rf8
30.gxf6 exd4 31.b5 dxe3+ 32.Kxe3 Nd8 33.Rxc7 Kxc7 34.fxg7 Rg8 35.Rh7 Kd6
36.Rh8 d4+ 37.Nxd4 Bd5 38.Be6  1-0

[Event "Regionalliga NW9596"]
[Site "Bayern"]
[Date "1995.??.??"]
[Round "?"]
[White "Cech, Pavel"]
[Black "Solomunovic, Igor"]
[Result "1/2-1/2"]
[WhiteElo "2360"]
[BlackElo "2350"]

1.d4 Nf6 2.Bg5 Ne4 3.h4 c5 4.d5 Qb6 5.Nd2 Nxd2 6.Bxd2 e5 7.Bc3 d6 8.e4 Be7
9.h5 Nd7 10.Ne2 O-O 11.Ng3 Nf6 12.Qd3 h6 13.Be2 Nh7 14.Qd1 Nf6 15.Qd3 Nh7
16.Qd1  1/2-1/2

[Event "Regionalliga NO9495"]
[Site "Bayern"]
[Date "1995.??.??"]
[Round "2"]
[White "Zollstab, Juergen"]
[Black "Renner, Manfred"]
[Result "1-0"]
[WhiteElo "2135"]
[BlackElo "2075"]

1.d4 Nf6 2.Bg5 Ne4 3.Bh4 d5 4.Nd2 Nf6 5.Bxf6 exf6 6.e3 Bd6 7.g3 O-O 8.Bg2 c6
9.Ne2 Nd7 10.O-O f5 11.c4 dxc4 12.Nxc4 Nb6 13.b3 Be6 14.Rc1 Nxc4 15.bxc4 Ba3
16.Rc2 Qa5 17.Nf4 Rad8 18.Qb1 Qa6 19.Qb3 Rfe8 20.Nxe6 Rxe6 21.c5 b5 22.cxb6 axb6
23.Rxc6 Rxc6 24.Bxc6 Bd6 25.a4 Qa5 26.Rb1 Bc7 27.Qb5 Qxb5 28.axb5 Rd6 29.Ra1 Kf8
30.Ra7 Bd8 31.Kf1 g5 32.f4 gxf4 33.gxf4 Rh6 34.Kg2 Rg6+ 35.Kf3 Rh6 36.Rd7 Be7
37.Rb7 Rh3+ 38.Kg2 Rxe3 39.Rxb6 Rd3 40.Rb8+ Kg7 41.d5 Bd6 42.Rd8 Bc7 43.Rc8 Bb6
44.h4 Kf6 45.h5 Rd2+ 46.Kf3 Rd3+ 47.Ke2 Rd4 48.Bb7 Ke7 49.Rc6 Bd8 50.Rh6 Rxf4
51.Rxh7 Rh4 52.Rh8 Rh3 53.d6+ Kd7 54.Bc6+ Kc8 55.b6  1-0

[Event "Regionalliga NO9495"]
[Site "Bayern"]
[Date "1995.??.??"]
[Round "2"]
[White "Zollstab, Juergen"]
[Black "Gross, David"]
[Result "0-1"]
[WhiteElo "2135"]
[BlackElo "2240"]

1.d4 Nf6 2.Bg5 Ne4 3.Bh4 c5 4.Nd2 Nxd2 5.Qxd2 cxd4 6.Nf3 Nc6 7.Nxd4 Qb6 8.O-O-O Nxd4
9.Qxd4 Qxd4 10.Rxd4 d6 11.e4 Bd7 12.Rb4 Bc6 13.Bb5 Bxb5 14.Rxb5 O-O-O 15.Rd1 Rd7
16.e5 g6 17.exd6 Rxd6 18.Rxd6 exd6 19.Bf6 Bh6+ 20.Kd1 Re8 21.Bg5 Bxg5 22.Rxg5 Kd7
23.Kd2 Kc6 24.Rg3 Re5 25.Rc3+ Kd7 26.Rf3 Ke6 27.Rb3 b6 28.Ra3 a5 29.c4 Kd7
30.Rf3 f5 31.Rh3 Re7 32.a3 Kc6 33.Rb3 Re4 34.Rc3 Kc5 35.b3 a4 36.b4+ Kd4
37.Rd3+ Kxc4 38.Rxd6 Rd4+ 39.Rxd4+ Kxd4 40.Kc2 g5 41.h3 Kc4 42.g3 g4 43.h4 b5
44.h5 h6 45.Kd2 Kb3 46.Ke3 Kxa3 47.Kf4 Kxb4 48.Kxf5 a3 49.Kxg4 a2 50.Kf5 a1=Q
51.Kg6 Qa6+ 52.Kh7 Kc5 53.f4 Qf6 54.g4 Qxf4  0-1

[Event "Regionalliga NW9495"]
[Site "Bayern"]
[Date "1995.??.??"]
[Round "3"]
[White "Graef, Steffen"]
[Black "Becker, Thomas"]
[Result "0-1"]
[WhiteElo "2245"]
[BlackElo "2220"]

1.d4 Nf6 2.Bg5 Ne4 3.h4 d5 4.Nd2 Bf5 5.e3 h6 6.Bf4 e6 7.g4 Nxd2 8.gxf5 Nxf1
9.fxe6 fxe6 10.Qh5+ Kd7 11.Kxf1 Nc6 12.c4 Qe8 13.Qg4 h5 14.Qh3 dxc4 15.d5 Nb4
16.Rd1 Bd6 17.Nf3 Rd8 18.Bg5 Ra8 19.dxe6+ Kc6 20.Rc1 b5 21.a4 a6 22.Qf5 Rf8
23.Qe4+ Kb6 24.Nd4 Nd3 25.Rc2 g6 26.e7 Rf7 27.a5+ Kxa5 28.Qb7 Nc5 29.Qd5 Kb6
30.Kg2 Bxe7 31.b4 Nd3 32.Ra1 Nxb4 33.Qe4 Bd6 34.Qxe8 Rxe8 35.Rcc1 Nd3 36.Rf1 Be5
37.f3 c5 38.Ne2 Bxa1 39.Rxa1 b4  0-1

[Event "Bern op"]
[Site "Bern"]
[Date "1995.??.??"]
[Round "2"]
[White "Manievich, Victor"]
[Black "Cramling, Pia"]
[Result "0-1"]
[WhiteElo "2255"]
[BlackElo "2520"]

1.d4 Nf6 2.Bg5 Ne4 3.Bf4 c5 4.f3 Qa5+ 5.c3 Nf6 6.d5 e6 7.e4 exd5 8.exd5 d6
9.Na3 Be7 10.Nc4 Qc7 11.a4 O-O 12.Ne2 Re8 13.Qd2 Nbd7 14.Kf2 Nf8 15.h3 b6
16.Na3 Ng6 17.Bh2 Qd7 18.Nf4 a6 19.Nc2 Nxf4 20.Bxf4 Qf5 21.Bd3 Qxd5 22.Ne3 Qc6
23.c4 Be6 24.Qc2 Rad8 25.Rad1 h6 26.Rd2 Nh5 27.Be4 Qc7 28.Bh2 Bg5 29.Rd3 Bh4+
30.g3 Nxg3 31.Bxg3 Bxg3+ 32.Kxg3 d5+ 33.f4 dxe4 34.Rxd8 Rxd8 35.Qxe4 Rd4
36.Qa8+ Kh7 37.Rf1 g5 38.Nd5 Bxd5 39.cxd5 Qe7 40.d6 Qxd6 41.Qxa6 gxf4+ 42.Kf2 Rd2+
43.Kf3 Rd3+  0-1

[Event "Bern op"]
[Site "Bern"]
[Date "1995.??.??"]
[Round "4"]
[White "Hodgson, Julian M"]
[Black "Cramling, Pia"]
[Result "1-0"]
[WhiteElo "2580"]
[BlackElo "2520"]

1.d4 Nf6 2.Bg5 Ne4 3.Bf4 c5 4.f3 Qa5+ 5.c3 Nf6 6.Nd2 cxd4 7.Nb3 Qb6 8.cxd4 d5
9.e3 Nc6 10.Ne2 e6 11.Nc3 a6 12.Bd3 Be7 13.Bg5 Qd8 14.O-O e5 15.Re1 exd4
16.Nxd4 Nxd4 17.exd4 O-O 18.Qe2 Bb4 19.Qe3 Be6 20.Qf4 Be7 21.Qh4 h6 22.Bxh6 Nd7
23.Qh5 Nf6 24.Qg5 Ne8 25.Qe3 Bf6 26.Bf4 Qb6 27.Be5 Bxe5 28.Qxe5 Qxb2 29.Na4 Qa3
30.Nc5 Nf6 31.Nxe6 Rae8 32.Bf5 fxe6 33.Bxe6+ Kh8 34.Re3 Qb2 35.Rae1 Nh7 36.Qh5 g6
37.Qxd5 Nf6 38.Qe5 Kg7  1-0